| 000 | 00558nam a22001697a 4500 | ||
|---|---|---|---|
| 008 | 220822b |||||||| |||| 00| 0 eng d | ||
| 020 | _a1849059763 | ||
| 050 |
_aBL65 _b.S65 2015 |
||
| 245 |
_aSpiritual care in practice: _bcase studies in healthcare chaplaincy/ _cedited by George Fitchett & Steve Nolan |
||
| 260 |
_aLondon _bJessica Kingsley Publishers _c2015 |
||
| 300 | _a318p. | ||
| 650 |
_aPastoral care _vmethods |
||
| 650 |
_aChaplaincy service _vHospital _xmethods |
||
| 650 |
_aPatients _v psychology |
||
| 650 | _aSpirituality | ||
| 942 |
_2lcc _cBK |
||
| 999 |
_c19456 _d19455 |
||